ბათუმის შოთა რუსთაველის სახელმწიფო უნივერსიტეტის ბიბლიოთეკა

ვეფხისტყაოსნის იდეურ-მსოფლმხედველობითი სამყარო = The world view of Rustaveli's Vepkhistqaosani ("The man in the panther's skin") : (ბიბ.ჩანაწერი № 57185)

000 -ლიდერი
ფიქსირებული სიგრძის საკონტროლო ველი 01187nam a22002297a 4500
003 - საკონტროლო ნომრის იდენტიფიკატორი
საკონტროლო ველი Ge_BSU
005 - ბოლო ოპერაციის თარიღი და დრო
საკონტროლო ველი 20191224125641.0
008 - ფიქსირებული სიგრძის მონაცემთა ელემენტები - ზოგადი ინფორმაცია
ფიქსირებული სიგრძის საკონტროლო ველი 191224s2009 ge ||||| |||| 00| 0 geo d
020 ## - წიგნის საერთაშორისო სტანდარტული ნომერი
International Standard Book Number 9789994089116
041 ## - ენის კოდი
Language code of text/sound track or separate title geo
080 ## - უნივერსალური ათობითი კლასიფიკაციის ინდექსი
Universal Decimal Classification number 821.353.1.09-13 ხ-56
100 ## - მთავარი ჩანაწერი - პიროვნების სახელი
Personal name ხინთიბიძე, ელგუჯა.
9 (RLIN) 5947
245 ## - ცნობა სათაურის შესახებ
Title ვეფხისტყაოსნის იდეურ-მსოფლმხედველობითი სამყარო = The world view of Rustaveli's Vepkhistqaosani ("The man in the panther's skin") :
Remainder of title [მონოგრაფია] /
Statement of responsibility, etc ელგუჯა ხინთიბიძე.
264 ## - წარმოების, გამოცემის, დისტრიბუციის და სხვა ცნობები
გამოცემის, წარმოების, დისტრიბუციის... ადგილი თბილისი :
გამოცემის, წარმოების, დისტრიბუციის... სახელწოდება ქართველოლოგი,
გამოცემის, წარმოების, დისტრიბუციის... თარიღი 2009.
300 ## - ფიზიკური აღწერა
Extent 863გვ. ;
Dimensions 24 სმ.
500 ## - ზოგადი შენიშვნა
General note საძიებლები: გვ. 836-856.
504 ## - BIBLIOGRAPHY, ETC. NOTE
Bibliography, etc ბიბლიოგრ.: გვ. 793-835.
520 ## - SUMMARY, ETC.
Summary, etc რეზ. ინგლ
653 ## - INDEX TERM--UNCONTROLLED
Uncontrolled term ქართული პოემის ისტორია და კრიტიკა
653 ## - INDEX TERM--UNCONTROLLED
Uncontrolled term რუსთაველი შოთა და მისი "ვეფხისტყაოსანი"
942 ## - ADDED ENTRY ELEMENTS (KOHA)
Source of classification or shelving scheme
Koha item type წიგნი
ეგზემპლარები
ჩამოწერის სტატუსი დაკარგული ეგზემპლარის სტატუსი კლასიფიკაციის წყარო ან თაროზე გაწყობის სქემა დაზიანების სტატუსი არ გაიცემა მუდმივი მდებარეობა (დაცვის ადგილი) ამჟამინდელი ადგილსამყოფელი თაროზე განთავსების ადგილი შეძენის თარიღი ღირებულება, შესყიდვის ნორმალური ფასი სრული შენახვის შიფრი შტრიხკოდი ბოლო ოპერაციის თარიღი ეგზემპლარის მიმდევრობითი ნომერი (კეტერი?) ფასის ძალაში შესვლის თარიღი ეგზემპლარის სახეობა საჯარო შენიშვნა
          ბათუმის შოთა რუსთაველის სახელმწიფო უნივერსიტეტის მთავარი ბიბლიოთეკა ბათუმის შოთა რუსთაველის სახელმწიფო უნივერსიტეტის მთავარი ბიბლიოთეკა წიგნსაცავი 2019-12-24 20.00 821.353.1.09-13 ხ-56 60316 2019-12-24 60316 2019-12-24 წიგნი 20.00